00994naa#a2200169#i#4500001001600000005001700016011001400033100004100047102000700088200020300095210028400298215001100582608004500593675011300638700005200751856002100803RU\\bibl\12158120260516015827.6##a1998-6785##a20221221b2022####ek#y0rusy0150####ca##aRU1#aФинансы городских самоуправлений Дальнего Востока в последней четверти XIX – начале ХХ в.eЖурнальная статья1#aВладивостокcФедеральное государственное бюджетное образовательное учреждение высшего образования "Владивостокский государственный университет"d2022##a10 с.##aЖурнальная статья2local##aИсторическая наука. Вспомогательные исторические науки. 930#1aТригубgГеоргий Яковлевич4#avvgu.editorum.ru